| 000 | 00713cam a2200253 4500 | ||
|---|---|---|---|
| 999 |
_c20694 _d20694 |
||
| 001 | 1228939 | ||
| 003 | BDDh-ASL | ||
| 005 | 20231015025925.0 | ||
| 008 | 731001m19669999enkbe b 000 0 eng | ||
| 010 | _a 67088064 | ||
| 040 |
_aDLC _cDLC _dDLC _dBDDh-ASL |
||
| 043 | _aa-ii--- | ||
| 050 | 0 | 0 |
_aDS436 _b.T372 |
| 082 | 0 | 0 |
_a954 _bTHH |
| 100 | 1 | _aThapar, Romila. | |
| 245 | 1 | 2 | _aA history of India, Volume-1/ |
| 260 |
_a[Harmondsworth] : _bPenguin Books, _c1966- |
||
| 300 |
_aV-1, 381 p. : _bmaps, plans. _c19 cm. |
||
| 490 | 0 | _aPelican books, A769 | |
| 504 | _aBibliography: v. 1, p. 353-[368] | ||
| 651 | 0 |
_aIndia _xHistory. |
|
| 906 |
_a7 _bcbc _corignew _du _eopcn _f19 _gy-gencatlg |
||
| 942 |
_2ddc _cBK |
||